LEADER 00955nam0-2200325---450- 001 990009629060403321 005 20121009092412.0 010 $a88-430-3431-6 035 $a000962906 035 $aFED01000962906 035 $a(Aleph)000962906FED01 035 $a000962906 100 $a20121009d2005----km-y0itay50------ba 101 0 $aita 102 $aIT 105 $ay-------001yy 200 1 $aCritica e progetto$ele culture in Italia dagli anni Sessanta a oggi: studi in onore di Alberto Asor Rosa$fa cura di Lucinda Spera 210 $aRoma$cCarocci$d2005 215 $a127 p.$d22 cm 225 1 $aLingue e letterature Carocci$v50 610 0 $aAsor Rosa, Alberto 676 $a850.900914$v22$zita 702 1$aSpera,$bLucinda 801 0$aIT$bUNINA$gREICAT$2UNIMARC 901 $aBK 912 $a990009629060403321 952 $aCollez. 2214 (50)$b49685$fFSPBC 959 $aFSPBC 996 $aCritica e progetto$9351288 997 $aUNINA